000 00911nam a2200265Ia 4500
003 OSt
005 20220918170227.0
006 a|||||r|||| 00| 0
007 ta
008 220917b |||||||| |||| 00| 0 eng d
020 _a978 90 272 2308 1 (hbk)
_c7194.60
024 _a239,802
037 _b28112, 30/07/2009, Segment Book Distributors
_cTextual
040 _aARTS
_cARTS
_beng
041 _2eng
_aeng
082 _aP:(Y:1), P9
100 _aFriginal Eric
_927802
245 0 _aLanguage of outsourced call centers
_b A corpus- based study of cross - cultural interaction
260 _aAmsterdam
_bJohn Benjamins Publishing Company Netherlands
_c2009
300 _axxii, 319p.
_ccm.
490 _aStudies in corpus linguistics (SCL)
650 _aLINGUISTICS
942 _hP:(Y:1), P9
_cTEXL
_2CC
999 _c133189
_d133189